<?xml version="1.0" encoding="UTF-8"?>
<marc:record xmlns:marc="http://www.loc.gov/MARC21/slim">
   <marc:leader>00000nam a2200000 a 4500</marc:leader>
   <marc:datafield ind1="1" ind2=" " tag="100">
      <marc:subfield code="a">Wünschiers, Röbbe</marc:subfield>
      <marc:subfield code="4">aut</marc:subfield>
      <marc:subfield code="e">Verfasser/-in</marc:subfield>
   </marc:datafield>
   <marc:datafield ind1=" " ind2=" " tag="653">
      <marc:subfield code="a">part(s) enclosed</marc:subfield>
   </marc:datafield>
   <marc:datafield ind1=" " ind2=" " tag="653">
      <marc:subfield code="a">Softcover / Biologie/Genetik</marc:subfield>
   </marc:datafield>
   <marc:datafield ind1=" " ind2=" " tag="653">
      <marc:subfield code="a">Gentechnik</marc:subfield>
   </marc:datafield>
   <marc:datafield ind1=" " ind2=" " tag="653">
      <marc:subfield code="a">Gentechnologie</marc:subfield>
   </marc:datafield>
   <marc:datafield ind1=" " ind2=" " tag="653">
      <marc:subfield code="a">Gentherapie</marc:subfield>
   </marc:datafield>
   <marc:datafield ind1=" " ind2=" " tag="653">
      <marc:subfield code="a">Gentechnisch veränderte Organismen</marc:subfield>
   </marc:datafield>
   <marc:datafield ind1=" " ind2=" " tag="653">
      <marc:subfield code="a">Züchtung</marc:subfield>
   </marc:datafield>
   <marc:datafield ind1=" " ind2=" " tag="653">
      <marc:subfield code="a">Genomeditierung</marc:subfield>
   </marc:datafield>
   <marc:datafield ind1=" " ind2=" " tag="653">
      <marc:subfield code="a">GVO</marc:subfield>
   </marc:datafield>
   <marc:datafield ind1=" " ind2=" " tag="653">
      <marc:subfield code="a">Citizen Science</marc:subfield>
   </marc:datafield>
   <marc:datafield ind1=" " ind2=" " tag="653">
      <marc:subfield code="a">CRISPR Cas</marc:subfield>
   </marc:datafield>
   <marc:datafield ind1=" " ind2=" " tag="653">
      <marc:subfield code="a">Designer Babys</marc:subfield>
   </marc:datafield>
   <marc:datafield ind1=" " ind2=" " tag="653">
      <marc:subfield code="a">Genschere</marc:subfield>
   </marc:datafield>
   <marc:datafield ind1=" " ind2=" " tag="653">
      <marc:subfield code="a">CRISPR</marc:subfield>
   </marc:datafield>
   <marc:datafield ind1=" " ind2=" " tag="653">
      <marc:subfield code="a">genetic engineering</marc:subfield>
   </marc:datafield>
   <marc:datafield ind1="0" ind2="0" tag="245">
      <marc:subfield code="a">Gentechnik im Wandel</marc:subfield>
   </marc:datafield>
   <marc:datafield ind1="0" ind2="0" tag="245">
      <marc:subfield code="b">wie CRISPR und KI unser Leben verändern</marc:subfield>
   </marc:datafield>
   <marc:datafield ind1="0" ind2="0" tag="245">
      <marc:subfield code="c">Röbbe Wünschiers</marc:subfield>
   </marc:datafield>
   <marc:datafield ind1=" " ind2="1" tag="264">
      <marc:subfield code="a">Berlin</marc:subfield>
      <marc:subfield code="b">Springer</marc:subfield>
      <marc:subfield code="c">2026</marc:subfield>
   </marc:datafield>
   <marc:datafield ind1=" " ind2=" " tag="250">
      <marc:subfield code="a">2. Auflage 2026</marc:subfield>
   </marc:datafield>
   <marc:datafield ind1="1" ind2=" " tag="520">
      <marc:subfield code="a">Durch die Genomeditierung mit der Genschere CRISPR/Cas und den Einsatz künstlicher Intelligenz bei der Analyse genetischer Daten erleben wir eine neue Dimension der Gentechnik. Wir sind die Generation mit der Genschere. Die Ergebnisse reichen von blutdrucksenkenden Tomaten und Gentherapien gegen Krebs über die Schaffung bakterieller Chassis als molekulare Werkstätten bis hin zur Wiedergeburt des ausgestorbenen Schattenwolfs und der ersten (Er)Zeugung von Designer-Babys.

Wie weit dürfen wir gehen? Gehört unsere Zukunft der Genomarchitektur? Brauchen wir Gentechnik, um den Herausforderungen des Klimawandels zu begegnen? Rettet uns künstliche Intelligenz vor einer genetischen Datenflut – oder macht sie Gesundheit und Therapie zu einer unverständlichen Blackbox?
Neue genomische Techniken ermöglichen präzise Eingriffe in das Erbgut – ganz ohne erkennbare Spuren. Sie basieren auf unserem wachsenden Verständnis von Genen, deren Bausteinen, epigenetischen Faktoren und Funktionen. Besonders in der Pflanzenzüchtung finden sie zunehmend Anwendung.

Dieses Buch vermittelt anschaulich und verständlich die Entwicklung der modernen Gentechnologie. Es lädt dazu ein, ethische, gesellschaftliche und rechtliche Fragen zu diskutieren.

Neu in dieser Auflage: Das Kapitel Gene und Gesetze beleuchtet die rechtlichen Rahmenbedingungen der Gentechnik in Züchtung und Medizin. Das Thema künstliche Intelligenz wurde erweitert, andere Kapitel wurden aktualisiert.
</marc:subfield>
   </marc:datafield>
   <marc:datafield ind1=" " ind2=" " tag="020">
      <marc:subfield code="a">9783662714096</marc:subfield>
      <marc:subfield code="9">9783662714096</marc:subfield>
   </marc:datafield>
   <marc:datafield ind1=" " ind2=" " tag="020">
      <marc:subfield code="a">3662714094</marc:subfield>
      <marc:subfield code="9">3662714094</marc:subfield>
   </marc:datafield>
   <marc:datafield ind1=" " ind2=" " tag="041">
      <marc:subfield code="a">ger</marc:subfield>
   </marc:datafield>
   <marc:datafield ind1=" " ind2=" " tag="300">
      <marc:subfield code="a">VII, 332 Seiten</marc:subfield>
   </marc:datafield>
</marc:record>
